[Event "III Duchamp Open 2019"]
[Site "Rio de Janeiro"]
[Date "2019.12.08"]
[Round "2.15"]
[White "Limp, Eduardo Thelio"]
[Black "Sobrero, Sebastian"]
[Result "1-0"]
[WhiteElo "2356"]
[BlackElo "2059"]
[Annotator "NA"]
[PlyCount "77"]
[EventDate "2019.12.07"]
[EventType "swiss"]
[EventCountry "BRA"]
[SourceTitle "playchess.com"]
[Source "ChessBase"]
[SourceQuality "1"]
[TimeControl "40/5400+30:1800+30"]

1. d4 {[%emt 0:00:00]} g6 {[%emt 0:02:18]} 2. e4 {[%emt 0:00:12]} Bg7 {[%emt 0:00:25]} 3. Nf3 {[%emt 0:00:11]} d6 {[%emt 0:03:02]} 4. c3 {[%emt 0:00:35]} Nf6 {[%emt 0:02:46]} 5. Nbd2 {[%emt 0:00:17]} O-O {[%emt 0:04:14]} 6. Be2 {[%emt 0:00:54]} c5 {[%emt 0:02:12]} 7. dxc5 {[%emt 0:04:40]} dxc5 {[%emt 0:00:13]} 8. O-O {[%emt 0:00:09]} Nc6 {[%emt 0:05:13]} 9. Qc2 {[%emt 0:00:12]} Qc7 {[%emt 0:02:00]} 10. a4 {[%emt 0:01:07]} Nh5 {[%emt 0:03:55]} 11. g3 {[%emt 0:00:28]} Bg4 {[%emt 0:06:38]} 12. Nc4 {[%emt 0:03:36]} Rad8 {[%emt 0:05:37]} 13. Ne3 {[%emt 0:11:13]} Bh3 {[%emt 0:02:17]} 14. Re1 {[%emt 0:01:06]} h6 {[%emt 0:00:22]} 15. Nd5 {[%emt 0:07:40]} Qc8 {[%emt 0:00:30]} 16. Nd2 {[%emt 0:01:28]} Bg4 {[%emt 0:07:23]} 17. Nc4 {[%emt 0:01:16]} Bxe2 {[%emt 0:01:28]} 18. Qxe2 {[%emt 0:00:55]} Qh3 {[%emt 0:04:19]} 19. Be3 {[%emt 0:06:43]} e6 {[%emt 0:04:37]} 20. Nf4 {[%emt 0:04:30]} Nxf4 {[%emt 0:00:10]} 21. Bxf4 {[%emt 0:00:15]} e5 {[%emt 0:06:10]} 22. Be3 {[%emt 0:00:38]} b6 {[%emt 0:02:24]} 23. a5 {[%emt 0:00:40]} Rb8 {[%emt 0:01:24]} 24. axb6 {[%emt 0:04:51]} axb6 {[%emt 0:00:08]} 25. Ra6 {[%emt 0:03:23]} f5 {[%emt 0:03:42]} 26. Rxb6 {[%emt 0:05:04]} Rxb6 {[%emt 0:00:36]} 27. Nxb6 {[%emt 0:00:09]} f4 {[%emt 0:03:05]} 28. Bxc5 {[%emt 0:00:10]} Rf7 {[%emt 0:08:01]} 29. Nd5 {[%emt 0:08:56]} Nd8 {[%emt 0:01:17]} 30. Qf1 {[%emt 0:01:09]} Qh5 {[%emt 0:01:51]} 31. Be7 {[%emt 0:04:41]} Ne6 {[%emt 0:03:04]} 32. Qg2 {[%emt 0:01:26]} f3 {[%emt 0:04:49]} 33. g4 {[%emt 0:02:11]} fxg2 {[%emt 0:01:11]} 34. gxh5 {[%emt 0:00:08]} gxh5 {[%emt 0:00:42]} 35. Kxg2 {[%emt 0:00:20]} Nf4+ {[%emt 0:01:27]} 36. Nxf4 {[%emt 0:00:13]} exf4 {[%emt 0:01:57]} 37. Bd6 {[%emt 0:00:16]} Rb7 {[%emt 0:00:56]} 38. Re2 {[%emt 0:00:39]} Rf7 {[%emt 0:00:51]} 39. Kf3 {[%emt 0:00:15]} 1-0

[Event "III Duchamp Open 2019"]
[Site "Rio de Janeiro"]
[Date "2019.12.08"]
[Round "2.16"]
[White "Silva, Kaua Marques"]
[Black "Ambartsumova, Karina"]
[Result "0-1"]
[WhiteElo "2082"]
[BlackElo "2341"]
[Annotator "NA"]
[PlyCount "32"]
[EventDate "2019.12.07"]
[EventType "swiss"]
[EventCountry "BRA"]
[SourceTitle "playchess.com"]
[Source "ChessBase"]
[SourceQuality "1"]
[TimeControl "40/5400+30:1800+30"]

1. e4 c5 2. Nf3 e6 3. Nc3 a6 4. d4 cxd4 {[%emt 0:02:28]} 5. Nxd4 {[%emt 0:04:30]} b5 {[%emt 0:00:14]} 6. a3 {[%emt 0:01:09]} Bb7 {[%emt 0:02:21]} 7. Bd3 {[%emt 0:07:27]} Qb6 8. Nde2 Nf6 {[%emt 0:05:43]} 9. O-O {[%emt 0:01:46]} Qc7 {[%emt 0:03:57]} 10. h3 {[%emt 0:03:40]} Be7 {[%emt 0:04:32]} 11. Bg5 {[%emt 0:10:42]} d5 {[%emt 0:15:34]} 12. Ng3 {[%emt 0:06:50]} h6 {[%emt 0:04:27]} 13. Bd2 {[%emt 0:05:03]} Nbd7 {[%emt 0:01:04]} 14. Qe2 {[%emt 0:03:04]} O-O {[%emt 0:08:37]} 15. f4 {[%emt 0:03:55]} Nc5 {[%emt 0:02:08]} 16. Rae1 {[%emt 0:02:43]} Rfe8 {[%emt 0:08:14]} 0-1

[Event "III Duchamp Open 2019"]
[Site "Rio de Janeiro"]
[Date "2019.12.09"]
[Round "3.1"]
[White "Martinez Alcantara, Jose Eduardo"]
[Black "Limp, Eduardo Thelio"]
[Result "1-0"]
[WhiteElo "2592"]
[BlackElo "2356"]
[Annotator "TA"]
[PlyCount "113"]
[EventDate "2019.12.07"]
[EventType "swiss"]
[EventCountry "BRA"]
[SourceTitle "playchess.com"]
[Source "ChessBase"]
[SourceQuality "1"]

{[%evp 14,113,37,15,22,28,29,13,30,28,42,47,46,38,41,52,31,40,95,95,95,93,87,97,80,85,82,85,85,85,85,77,82,82,83,83,82,82,91,91,93,91,91,20,84,86,92,10,15,8,19,0,0,0,0,7,14,0,0,0,7,0,7,5,20,1,12,0,0,0,0,0,0,0,0,0,0,0,0,0,0,0,29,8,8,8,29,0,0,0,52,52,55,54,73,69,98,93,87,94,29977,29975]} 1. Nf3 d5 2. g3 Nf6 3. Bg2 c6 4. c4 g6 5. b3 Bg7 6. Bb2 O-O 7. O-O a5 8. Na3 Na6 {A11: English Opening: 1...c6} 9. d3 a4 10. Nc2 Qb6 {The position is equal.} 11. Bd4 $146 ({Predecessor:} 11. Rb1 axb3 12. axb3 Bd7 13. Ne5 Rfd8 14. Bd4 Qc7 15. Qc1 Be8 16. Nf3 Nh5 17. Bxg7 Nxg7 {1-0 (76) Matamoros Franco,C (2525)-Sasikiran,K (2694) Beijing 2008}) 11... c5 12. Be5 axb3 13. axb3 Bd7 14. Qd2 Bc6 15. Rab1 Nd7 ({Black should play} 15... Rfd8 $14) 16. Bxg7 $16 Kxg7 17. b4 Nxb4 18. Nxb4 cxb4 19. Rxb4 Qa5 20. Qb2+ Nf6 21. Ne5 Qa3 22. cxd5 Qxb2 23. Rxb2 Nxd5 24. Rc1 Ra6 25. Rbc2 Nb4 26. Rc4 Bxg2 27. Kxg2 Nc6 28. Nd7 (28. Nxc6 $16 bxc6 29. Rxc6 Rxc6 30. Rxc6) 28... Rd8 (28... Rfa8 $11) 29. Nc5 $1 {[%csl LRa6,LRb7][%mdl 64] [#] Double Attack} Rb6 30. R1c2 (30. Nxb7 $1 $16 Rxb7 31. Rxc6) 30... Nd4 31. Ra2 Nf5 32. Na4 (32. Ne4 {seems wilder.} Nd4 33. Rd2 Ne6 34. h4 Rb1 35. Ra2) 32... Ra6 {aiming for ...Rda8.} 33. Nc3 Rxa2 34. Nxa2 $11 {[%mdl 4096] Endgame KRN-KRN} Nd6 35. Rb4 Rc8 {Threatening ...Rc2.} 36. Rb2 h5 37. Nb4 e6 38. Nc2 b5 39. h4 Kf6 40. Nd4 e5 41. Nc2 Ke6 42. Kf1 Ra8 43. Ke1 Ra4 44. e4 f5 45. f3 Ra8 46. Ke2 Ra4 47. Nb4 Ra7 48. Rc2 Ra4 49. Nd5 Ra7 50. Rc6 Kd7 51. Rc5 (51. Rb6 {keeps more tension.} Ra2+ 52. Ke3 Rg2 53. Nf6+ Kc7 54. Nd5+) 51... fxe4 ({Black should try} 51... Ra2+ $1 $11 52. Ke3 Rg2) 52. fxe4 $14 Ke6 53. Nb4 Rb7 54. Ke3 Nf7 55. Rc6+ Nd6 56. d4 Rb6 $2 {[%mdl 8192] [#]} (56... exd4+ $16 57. Kxd4 Kd7) 57. Rxb6 {Accuracy: White = 63%, Black = 43%.} 1-0

[Event "III Duchamp Open 2019"]
[Site "Rio de Janeiro"]
[Date "2019.12.09"]
[Round "3.2"]
[White "Ambartsumova, Karina"]
[Black "Supi, Luis Paulo"]
[Result "0-1"]
[WhiteElo "2341"]
[BlackElo "2578"]
[Annotator "TA"]
[PlyCount "182"]
[EventDate "2019.12.07"]
[EventType "swiss"]
[EventCountry "BRA"]
[SourceTitle "playchess.com"]
[Source "ChessBase"]
[SourceQuality "1"]

{[%evp 20,208,-23,-33,0,-30,-13,-14,0,0,0,0,0,5,12,0,2,0,31,-5,-1,-18,18,13,7,11,37,30,33,20,22,11,5,6,0,5,8,0,0,0,0,0,0,-6,0,-10,0,0,0,0,0,0,0,0,0,0,0,0,0,0,0,-4,0,0,0,0,-3,-4,0,0,0,-6,0,-4,-2,-2,0,-5,0,0,0,-18,-12,-12,0,-18,-18,-19,-19,-27,0,-27,0,-27,-18,-27,0,-27,-19,-19,-19,-20,-28,-37,-35,-53,0,-37,-16,-39,-22,-31,-8,-46,-25,-48,-44,-86,-19,-24,-24,-12,-9,-34,-45,-138,-141,-161,-124,-144,-102,-166,-156,-198,-203,-244,-251,-227,-231,-231,-102,-204,-216,-217,-229,-300,-352,-405,-393,-375,-330,-568,-565,-552,-538,-561,-528,-556,-556,-555,-547,-526,-145,-145,0,-450,-451,-526,-495,-3066,-704,-29962,-29964,-29964,-29966,-29968,-29969,-29972,-29973,-29973,-29974,-29979,-29980,-29980,-29981,-29981,-29982,-29982,-29983,-29982,-29983]} 1. d4 Nf6 2. Nf3 e6 3. c4 b6 4. g3 Ba6 5. b3 Bb4+ 6. Bd2 Be7 7. Nc3 d5 8. Bg2 c6 9. cxd5 cxd5 10. Ne5 O-O 11. O-O Bb7 {E15: Queen's Indian: 4 g3 sidelines, 4 g3 Ba6 and 4 g3 Bb7 early deviations} 12. Rc1 Nbd7 (12... Nfd7 13. f4 Nxe5 14. fxe5 Nc6 15. Be3 Rc8 16. Nb1 f6 17. exf6 Bxf6 18. Qd2 Qe7 19. Nc3 {½-½ (48) Hayrapetyan,H (2489)-Petrosyan,M (2466) Yerevan 2016}) 13. Bf4 Nh5 {The position is equal.} 14. Be3 Bd6 $146 ({Predecessor:} 14... Rc8 15. g4 Nhf6 16. h3 Nxe5 17. dxe5 Nd7 18. Bd4 f6 19. exf6 Bxf6 {0-1 (48) Kuempers,U (2127)-Lodde,M (1935) Germany 2006}) 15. f4 Rc8 16. Qd3 Bb8 17. Rc2 Nhf6 18. Rfc1 Qe7 19. Nd1 Rxc2 20. Rxc2 Nxe5 21. dxe5 Nd7 22. Nf2 Nc5 23. Qc3 {[%cal Re3c5]} Na6 24. Nd3 Qd7 25. Bd4 Rc8 26. Qd2 Rxc2 27. Qxc2 Bc7 28. e3 Bd8 29. Bf1 Be7 30. Be2 Nb8 31. Bf1 Nc6 32. Be2 Nxd4 33. exd4 g6 34. Nc1 f5 35. Bd3 Kf7 36. Ne2 Ke8 37. Qc1 Kd8 38. Kf2 Qe8 39. Nc3 Qc6 40. Ne2 Qd7 41. Nc3 Bb4 42. Ne2 Qe7 43. Qc2 Ba5 44. Qb2 Bb4 45. Qc2 a6 46. Qc1 Ba3 47. Qc3 Bb4 48. Qc1 b5 49. Qb2 Bc6 50. Qc1 Kc7 51. Qb2 Kb7 52. Qc1 Be8 53. Qb2 Ba3 54. Qd2 Bb4 55. Qb2 Qf8 56. Qc1 Ba3 57. Qd2 Be7 58. Qc1 Bd7 59. Qd2 h6 60. Qc2 g5 61. Qc1 Ba3 62. Qd2 Be7 63. Qc1 Be8 64. Qc2 Bb4 65. Qc1 Qe7 66. Qc2 Bh5 67. Qc1 Ba5 68. a4 Be8 ({Black should try} 68... bxa4 $17 69. bxa4 Qb4) 69. axb5 axb5 70. fxg5 hxg5 71. Qe3 Bd8 72. Kg2 (72. Qc1 $15) 72... Qb4 $17 73. Bc2 Qe1 {White must now prevent ...Bh5.} 74. Qd3 Kb6 75. Nc3 (75. h3 $17 {is a better defense.}) 75... Be7 76. Nd1 Bb4 {And now ...Bh5 would win.} 77. Qe3 Qxe3 78. Nxe3 $19 {[%mdl 4096] Endgame [#] KBB-KBN} Bd2 $1 {[%cal Rd2e3]} 79. Kf2 Bh5 (79... Ka5 $19 {is more deadly. Strongly threatening ...Bc3.} 80. Ke2 Bc1) 80. Bd3 (80. g4 $17 fxg4 81. Bh7) 80... Ka5 81. Nc2 Bd1 82. Na3 b4 ({Less strong is} 82... Bxb3 83. Nxb5 Ba4 84. Nc7 $11) 83. Nc2 g4 84. Kg2 Kb6 85. h3 $2 (85. Kf2 {was called for.}) 85... gxh3+ 86. Kxh3 Kc7 87. Kg2 Kd7 88. Na1 Bc3 89. Nc2 Ke7 90. Kf2 Bd2 $2 (90... Kf8 $19 91. Kg2 Ke7) 91. Na1 $17 {[#]} Bh5 {Played: Bd2-c3} 0-1

[Event "III Duchamp Open 2019"]
[Site "Rio de Janeiro"]
[Date "2019.12.08"]
[Round "3.3"]
[White "Cruz, Cristhian"]
[Black "Aranha Filho, Alvaro Z."]
[Result "1-0"]
[WhiteElo "2562"]
[BlackElo "2304"]
[Annotator "TA"]
[PlyCount "61"]
[EventDate "2019.12.07"]
[EventType "swiss"]
[EventCountry "BRA"]
[SourceTitle "playchess.com"]
[Source "ChessBase"]
[SourceQuality "1"]

{[%evp 15,61,0,0,0,20,15,14,-1,0,0,0,0,0,0,39,10,22,22,38,40,52,69,69,54,75,82,119,109,139,135,156,163,142,146,153,152,147,138,383,383,383,383,383,383,383,382,383,372]} 1. c4 e6 2. Nf3 Nf6 3. Nc3 d5 4. e3 Be7 5. d4 O-O 6. Bd3 dxc4 7. Bxc4 c5 8. O-O a6 9. dxc5 {D37: Queen's Gambit Declined: 5 Bf4} (9. Qe2 b5 10. Bb3 Bb7 11. Rd1 Nbd7 12. e4 b4 13. d5 bxc3 14. dxe6 fxe6 15. Ng5 Qb6 16. Bxe6+ Kh8 17. Bxd7 h6 18. Ne6 Rf7 19. bxc3 Bxe4 {1-0 (39) Cori Tello,J (2657)-Rambaldi,F (2574) Saint Louis 2017}) 9... Qxd1 10. Rxd1 Bxc5 11. Bd3 {The position is equal.} b5 {[%cal Bb7b5,Bb5b4][%mdl 32]} 12. a4 $146 ({Predecessor:} 12. Ne4 Be7 13. Bd2 Bb7 14. Nxf6+ Bxf6 15. Nd4 Nd7 16. Rac1 Rac8 {½-½ (27) Nyffeler,H (2031)-Gross Winter,G (2091) GER email 2013}) 12... b4 $1 {[%cal Rb4c3]} 13. Ne4 Be7 14. Bd2 Nbd7 15. Rac1 a5 16. Nd4 $36 {[%mdl 2048] White fights for an advantage.} Ba6 17. Nc6 Bxd3 18. Nxe7+ Kh8 19. Nd6 {[%cal Be4d6,Bd6f7,Bf7e5][%mdl 32]} Be2 20. Re1 Bd3 21. e4 Ra6 22. Nc6 Nb8 23. Nxf7+ $1 Kg8 24. Nfe5 {[#] Intending Ne7+ and mate.} Nxc6 25. Nxd3 Nd4 26. Be3 Rd8 $2 (26... Nb3 $16) 27. Bxd4 $18 {[%mdl 64] [#] Overworked Piece. White is winning.} Rxd4 28. Rc8+ Kf7 29. Ne5+ Ke7 30. Nc6+ Kd7 31. Rd8+ {Accuracy: White = 70%, Black = 32%.} ({Weaker is} 31. Nxd4 Kxc8 32. Rc1+ Kd8 $18) 1-0

[Event "III Duchamp Open 2019"]
[Site "Rio de Janeiro"]
[Date "2019.12.08"]
[Round "3.4"]
[White "Labussiere, Victor"]
[Black "Hernandez Guerrero, Gilberto"]
[Result "1/2-1/2"]
[WhiteElo "2295"]
[BlackElo "2554"]
[Annotator "TA"]
[PlyCount "32"]
[EventDate "2019.12.07"]
[EventType "swiss"]
[EventCountry "BRA"]
[SourceTitle "playchess.com"]
[Source "ChessBase"]
[SourceQuality "1"]

{[%evp 22,32,93,77,81,47,83,73,79,66,73,70,99]} 1. Nf3 d6 2. d4 Nf6 3. c4 g6 4. Nc3 Bg7 5. e4 O-O 6. Be2 c6 7. O-O e5 8. d5 Na6 9. Be3 Ng4 10. Bg5 f6 11. Bh4 c5 12. Ne1 Nh6 {E94: King's Indian: Classical: 6 Be2 e5 7 0-0: Various Black 7th moves} 13. Nd3 (13. Nc2 Nf7 14. a3 b6 15. b4 Bd7 16. Rb1 Bh6 17. Bg4 Bg5 18. Bxd7 Qxd7 19. Bxg5 fxg5 20. Ne3 {1-0 (52) Korobov,A (2698)-Demchenko,A (2679) St Petersburg 2018}) 13... Nf7 14. Bg4 Qe8 $146 ({Predecessor:} 14... h5 15. Bxc8 Rxc8 16. f4 Nb4 17. f5 g5 18. Be1 g4 19. Nf2 Ng5 20. a3 {1-0 (41) Ostenstad,B (2465)-Kazakov,M (2415) Gausdal 1997}) 15. Bxc8 Qxc8 16. f3 Nb4 1/2-1/2

[Event "III Duchamp Open 2019"]
[Site "Rio de Janeiro"]
[Date "2019.12.08"]
[Round "3.5"]
[White "Rangel, Daniel"]
[Black "Diamant, Andre"]
[Result "1/2-1/2"]
[WhiteElo "2258"]
[BlackElo "2533"]
[Annotator "RC"]
[PlyCount "78"]
[EventDate "2019.12.07"]
[EventType "swiss"]
[EventCountry "BRA"]
[SourceTitle "playchess.com"]
[Source "ChessBase"]
[SourceQuality "1"]
[TimeControl "40/5400+30:1800+30"]

1. c4 {[%emt 0:00:00]} g6 {[%emt 0:00:00]} 2. g3 {[%emt 0:00:00]} Bg7 {[%emt 0:00:00]} 3. Bg2 {[%emt 0:00:00]} Nf6 {[%emt 0:00:00]} 4. Nc3 {[%emt 0:00:00]} O-O {[%emt 0:00:19]} 5. e4 {[%emt 0:00:04]} d6 {[%emt 0:00:39]} 6. Nge2 {[%emt 0:00:07]} c5 {[%emt 0:00:20]} 7. O-O {[%emt 0:00:15]} Nc6 {[%emt 0:00:05]} 8. d3 {[%emt 0:00:31]} Ne8 {[%emt 0:00:14]} 9. Be3 {[%emt 0:01:04]} Nc7 {[%emt 0:00:05]} 10. d4 {[%emt 0:00:16]} cxd4 {[%emt 0:00:02]} 11. Nxd4 {[%emt 0:00:06]} Ne6 {[%emt 0:00:04]} 12. Nde2 {[%emt 0:00:14]} Nc5 {[%emt 0:02:13]} 13. Rb1 {[%emt 0:04:53]} a5 {[%emt 0:01:32]} 14. Qd2 {[%emt 0:07:12]} a4 {[%emt 0:16:49]} 15. b4 {[%emt 0:17:27]} axb3 {[%emt 0:01:59]} 16. axb3 {[%emt 0:00:06]} Qa5 {[%emt 0:03:20]} 17. e5 {[%emt 0:11:01]} Qd8 {[%emt 0:15:16]} 18. exd6 {[%emt 0:01:44]} exd6 {[%emt 0:00:49]} 19. b4 {[%emt 0:07:27]} Ne6 {[%emt 0:02:33]} 20. Ne4 {[%emt 0:08:31]} Ne5 {[%emt 0:07:12]} 21. Nxd6 {[%emt 0:01:08]} Ng4 {[%emt 0:00:30]} 22. Nxb7 {[%emt 0:05:40]} Qc7 {[%emt 0:01:53]} 23. Nd6 {[%emt 0:04:26]} Nxe3 {[%emt 0:01:08]} 24. Qxe3 {[%emt 0:02:11]} Ra2 {[%emt 0:00:23]} 25. Nxc8 {[%emt 0:03:27]} Rxc8 {[%emt 0:00:27]} 26. c5 {[%emt 0:00:50]} Qe5 {[%emt 0:01:12]} 27. Qxe5 {[%emt 0:01:10]} Bxe5 {[%emt 0:00:02]} 28. Nc1 {[%emt 0:01:10]} Rd2 {[%emt 0:01:43]} 29. Nb3 {[%emt 0:01:29]} Ra2 {[%emt 0:00:03]} 30. c6 {[%emt 0:08:18]} Rb8 {[%emt 0:00:34]} 31. Nc1 {[%emt 0:01:47]} Rc2 {[%emt 0:00:49]} 32. Nd3 {[%emt 0:01:57]} Bd4 {[%emt 0:00:21]} 33. b5 {[%emt 0:03:09]} Rc3 {[%emt 0:01:01]} 34. Nf4 {[%emt 0:01:29]} Nxf4 {[%emt 0:01:34]} 35. gxf4 {[%emt 0:00:02]} Rc2 {[%emt 0:00:06]} 36. Rbc1 {[%emt 0:04:17]} Bxf2+ {[%emt 0:00:19]} 37. Kh1 {[%emt 0:00:01]} Rxc1 {[%emt 0:00:07]} 38. Rxc1 {[%emt 0:00:05]} Bb6 {[%emt 0:00:18]} 39. c7 {[%emt 0:00:16]} Rc8 {[%emt 0:00:04]} 1/2-1/2

[Event "III Duchamp Open 2019"]
[Site "Rio de Janeiro"]
[Date "2019.12.08"]
[Round "3.6"]
[White "Vazquez, Guillermo"]
[Black "Mascarenhas, Alberto Pinheiro"]
[Result "1-0"]
[WhiteElo "2506"]
[BlackElo "2221"]
[Annotator "TA"]
[PlyCount "79"]
[EventDate "2019.12.07"]
[EventType "swiss"]
[EventCountry "BRA"]
[SourceTitle "playchess.com"]
[Source "ChessBase"]
[SourceQuality "1"]

{[%evp 22,79,20,27,25,23,40,34,47,35,51,20,55,52,48,43,48,70,66,57,65,56,55,11,55,43,147,150,141,135,139,125,127,124,147,82,370,358,342,193,209,206,233,52,44,0,1715,1666,1547,1296,1160,548,820,784,677,627,926,770,12838,12838]} 1. e4 c5 2. Nf3 Nc6 3. d4 cxd4 4. Nxd4 Nf6 5. Nc3 e5 6. Ndb5 d6 7. Bg5 a6 8. Na3 b5 9. Nd5 Be7 10. Bxf6 Bxf6 11. c3 O-O 12. h4 Be6 {B33: Sicilian: Pelikan and Sveshnikov Variations} (12... Bxh4 $6 13. Qh5 $16) 13. Nc2 Bxd5 (13... Bxh4 $2 14. Qh5 $18) 14. Qxd5 Ne7 {White is slightly better.} 15. Qd3 d5 16. g3 $146 ({Predecessor:} 16. O-O-O Qa5 17. exd5 Qxa2 18. g3 Nc8 19. d6 Nxd6 20. Qxd6 {1-0 (45) Bures,J (2446)-Gerasimchuk,V (2474) ICCF email 2008}) 16... Re8 17. Bg2 {[%cal Re4d5]} dxe4 18. Qxe4 Rb8 19. O-O Qb6 20. Rfd1 Red8 21. Ne3 h5 22. Qb4 a5 23. Qb3 Qc5 (23... a4 $14 24. Qc2 g6) 24. Rxd8+ $16 Rxd8 25. Rd1 Rb8 26. Rd7 $36 {[%mdl 2048] Strongly threatening Nd5. White has strong initiative.} g6 27. Nd5 Kg7 28. a4 (28. a3 $142) 28... b4 $2 {[%mdl 8192]} (28... Nxd5 $16 29. Qxd5 (29. Bxd5 Be7 $16) 29... Be7) 29. cxb4 $1 $18 (29. Nxf6 Kxf6 30. c4 Ke6 $16) 29... axb4 {[#]} 30. Be4 ({Weaker is} 30. Nxf6 Kxf6 31. Bb7 Rf8 $16) (30. a5 $142 $1 {[%mdl 512]} e4 (30... Qxa5 31. Nxe7) 31. Nxf6 Kxf6 32. a6 (32. Bxe4 Qxa5 33. Qf3+ Nf5 $16)) 30... Nxd5 31. Bxd5 ({Much less strong is} 31. Rxd5 $6 Qc1+ 32. Kg2 Qe1 $16) 31... Be7 {[#]} 32. a5 $2 (32. Qf3 $1 $18 {[%cal Rf3f7]} Rf8 {[#]} 33. a5 $1 {[%mdl 512]}) 32... Rd8 $14 33. Qa4 {a6 is the strong threat.} Qd4 $2 {[%mdl 8192]} (33... Rxd7 $11 34. Qxd7 Qxa5) 34. Rxd8 $18 {White is clearly winning.} Bxd8 {[#]} 35. Qd7 $1 {[%csl LRd8,LRf7][%mdl 576] Double Attack} Be7 36. Qxe7 (36. a6 $142) 36... Qd1+ 37. Kh2 Qxd5 38. Qxb4 Qf3 39. Qc5 f6 40. a6 {Accuracy: White = 52%, Black = 40%.} 1-0

[Event "III Duchamp Open 2019"]
[Site "Rio de Janeiro"]
[Date "2019.12.08"]
[Round "3.7"]
[White "Gauche, Charles"]
[Black "Di Berardino, Diego Rafael"]
[Result "1/2-1/2"]
[WhiteElo "2248"]
[BlackElo "2489"]
[Annotator "TA"]
[PlyCount "98"]
[EventDate "2019.12.07"]
[EventType "swiss"]
[EventCountry "BRA"]
[SourceTitle "playchess.com"]
[Source "ChessBase"]
[SourceQuality "1"]

{[%evp 19,98,-4,-1,-15,-11,-17,0,0,0,0,6,-8,0,0,0,0,9,-17,-2,-17,-12,-22,-16,-23,-16,-16,0,-54,-46,-49,-52,-72,-54,-72,-72,-72,-72,-72,-72,-72,-72,-72,-72,-72,-72,-72,-72,-72,-72,-72,-72,-72,-70,-70,-70,-70,-70,-70,-70,-77,-77,-77,-48,-48,-48,-48,-48,-48,-48,-48,-48,-48,-48,-48,-48,-48,-48,-48,0,-48,0]} 1. c4 c5 2. Nc3 g6 3. g3 Bg7 4. Bg2 Nc6 5. d3 d6 6. e4 e6 7. Nge2 Nge7 8. Be3 Nd4 9. O-O O-O 10. Qd2 Rb8 11. Bg5 {A36: Symmetrical English vs ...g6: 4 Bg2 Bg7} (11. Bh6 Bxh6 12. Qxh6 Nxe2+ 13. Nxe2 b5 14. b3 Nc6 15. f4 Nd4 16. Nxd4 cxd4 17. g4 f5 18. exf5 exf5 {½-½ (18) Miezis,N (2547)-Leko,P (2720) Porto Carras 2011}) 11... f6 $146 ({Predecessor:} 11... b6 12. Nxd4 cxd4 13. Ne2 Qd7 14. Bh6 e5 15. Bxg7 Kxg7 16. b4 Bb7 17. a4 f5 18. Bh3 Qc7 {0-1 (60) Eliet,N (2454)-Michiels,B (2454) Charleroi 2007}) 12. Bh6 Nec6 13. Bxg7 {The position is equal.} Kxg7 14. Nxd4 Nxd4 15. Ne2 (15. f4 {feels hotter.} b5 16. Rae1 Bd7 17. Rf2 b4 18. Ne2) 15... Nxe2+ 16. Qxe2 e5 17. f4 Bd7 18. h3 Qe7 19. Rae1 b5 20. Qd2 a5 {[%cal Ba7a5,Ba5a4][%mdl 32]} 21. Rf2 a4 22. f5 g5 23. Rc1 ({White should try} 23. Bf3 $11) 23... Be8 24. Bf3 h5 25. h4 {White wants to play hxg5.} g4 26. Bg2 Bf7 27. Bf1 Rb6 28. Rc2 Rfb8 29. Qc1 Qb7 30. Bg2 Qa8 31. Qe1 Qa6 32. Bf1 Be8 33. Bg2 Bc6 34. Kh2 Ra8 35. Kg1 Qa5 (35... b4 {seems wilder.} 36. Rcd2 Rbb8 37. Rd1 a3 38. b3 Qa5) 36. Qxa5 Rxa5 37. Kf1 Kf7 38. Ke1 Ke7 39. Kd1 Ra8 40. Kc1 bxc4 41. dxc4 Rb4 42. Rfd2 Kd7 43. Rc3 Kc7 44. a3 Rb6 45. Rcd3 Bb7 46. Rc3 Rb8 47. Rdc2 Bc6 48. Rd2 Bb7 49. Rdc2 Bc6 {Accuracy: White = 56%, Black = 73%.} 1/2-1/2

[Event "III Duchamp Open 2019"]
[Site "Rio de Janeiro"]
[Date "2019.12.08"]
[Round "3.8"]
[White "Galego, Luis"]
[Black "Torella, Rodolfo"]
[Result "1-0"]
[WhiteElo "2483"]
[BlackElo "2085"]
[Annotator "TA"]
[PlyCount "83"]
[EventDate "2019.12.07"]
[EventType "swiss"]
[EventCountry "BRA"]
[SourceTitle "playchess.com"]
[Source "ChessBase"]
[SourceQuality "1"]

{[%evp 9,83,23,37,18,22,18,35,38,58,47,76,-4,67,74,80,79,87,91,83,77,87,80,72,83,205,193,313,310,318,275,272,273,280,279,276,267,309,297,372,317,327,310,423,404,418,277,308,260,236,251,518,518,735,635,616,614,747,744,741,575,1024,1003,2547,741,733,733,727,725,711,698,944,944,922,871,981,980]} 1. e4 d6 2. Nf3 Nf6 3. Nc3 g6 4. d4 Bg7 5. h3 c6 6. a3 {B08: Pirc Defence: Classical System} (6. Bd3 O-O 7. O-O Re8 8. Bf4 Qb6 9. Rb1 Nbd7 10. e5 dxe5 11. dxe5 Nd5 12. Nxd5 cxd5 13. Qd2 Nc5 14. Rfe1 Nxd3 15. cxd3 {1-0 (67) Hovhannisyan,R (2637)-Aronian,L (2765) St Petersburg 2018}) 6... O-O 7. Be3 Qa5 {With the idea ...Nxe4.} 8. Nd2 $146 {White is slightly better.} ({Predecessor:} 8. Qd2 Nbd7 9. Bc4 b5 10. b4 Qc7 11. Bb3 a5 12. O-O Bb7 13. bxa5 Qxa5 14. e5 Nd5 15. Nxd5 Qxd2 16. Nxe7+ Kh8 17. Bxd2 Rfe8 18. exd6 {1-0 (18) Meloni,M-Albertini,M Italy 1997}) 8... b5 9. Be2 e5 10. O-O (10. dxe5 $16 dxe5 11. b4) 10... a6 ({Black should try} 10... exd4 $1 $11 11. Bxd4 Nbd7) 11. dxe5 $14 dxe5 12. a4 $36 {[%mdl 2048] Hoping for axb5. White has strong initiative.} b4 13. Nc4 Qc7 14. Na2 {[%cal Bc3a2,Ba2c1,Bc1b3,Bb3d2,Bd2e4][%mdl 32]} c5 15. Qd6 Qxd6 16. Nxd6 Nbd7 (16... Rd8 $16) 17. a5 $18 Rb8 (17... Ne8 $142) 18. Nc1 Rd8 19. Nb3 Bf8 20. Nxc8 Rdxc8 21. Bxa6 Rc7 22. Nd2 c4 23. Bxc4 Nxe4 {[#]} 24. Bxf7+ $1 {[%mdl 512]} Kxf7 25. Nxe4 Rxc2 26. Rfd1 Ke8 27. b3 Nc5 28. Nxc5 Bxc5 29. Rd5 Be7 $2 (29... Bxe3 {keeps fighting.} 30. fxe3 (30. Rxe5+ Kd7 $18) 30... Rd8 31. Rxe5+ Kf7) 30. a6 {[%cal Ba5a6,Ba6a7][%mdl 32] White is clearly winning.} Rc3 31. a7 Ra8 32. Rxe5 Kf7 33. Rb5 Bd6 34. Rd1 Ke7 35. Rb7+ Rc7 36. Rxc7+ (36. Bg5+ $142 Ke6 {[#]} 37. Rxd6+ $1 {[%mdl 576] Remove Defender} Kxd6 38. Bf4+ {[%mdl 64] Skewer} Kd5 39. Rxc7) 36... Bxc7 {[%mdl 4096] Endgame KRB-KRB} 37. Bc5+ Ke6 38. g3 Be5 39. h4 Bc3 40. Rd6+ Ke5 41. Rd7 h5 42. Bb6 {Accuracy: White = 78%, Black = 24%.} 1-0